Sortiere die Wörter alphabetisch #3 - Statistiken

Allgemein
  • Dieses Quiz wurde 76 mal gespielt
  • Das Durchschnittsergebnis liegt bei 12 aus 16
Antwortstatistiken
durcheinander sortiert % Korrekt
Radiergummi Brotbox
100%
Mathematik Federmäppchen
95%
Stift Heft
95%
Federmäppchen Geodreieck
94%
Lehrer Klassenzimmer
94%
Unterricht Lehrer
85%
Ranzen Lineal
85%
Geodreieck Mathematik
83%
Brotbox Pause
77%
Pause Radiergummi
72%
Stundenplan Schere
66%
Klassenzimmer Ranzen
65%
Lineal Stift
60%
Schere Stundenplan
54%
Heft Tafel
52%
Tafel Unterricht
45%
Keine übereinstimmenden Quizze gefunden
Verteilung der Resultate
Anzahl Personen mit jedem Resultat
Perzentil nach korrekt beantworteten Fragen
Ihre Resultats-Entwicklung
Sie haben dieses Quiz noch nicht gespielt